000 00586nam a2200181Ia 4500
008 240729s9999 xx 000 0 und d
022 _a2240-2802
245 0 _aJournal of Agriculture and Environment for International Development
260 _aItaly
260 _bUniversità degli Studi di Firenze
650 _a Agricultural industries
650 _a Industries. Land use. Labor
650 _a Special industries and trades
650 _aAgriculture | Social Sciences
856 _uhttps://doaj.org/toc/5773a24ee977477f8c282c158d56f022
942 _2ddc
942 _cDOAJEJ
999 _c72019
_d72019
945 _a1
_bMadushi Gamage
_c1
_dMadushi Gamage